King Sturge residential bulletin (Record no. 106104)

MARC details
000 -LEADER
fixed length control field 01165cam a2200229 4500
001 - CONTROL NUMBER
control field ##L135596
008 - FIXED-LENGTH DATA ELEMENTS--GENERAL INFORMATION
fixed length control field 061113n2006 000 0 eng u
035 ## - SYSTEM CONTROL NUMBER
System control number (Sirsi) u135596
041 0# - LANGUAGE CODE
Language code of text/sound track or separate title eng
050 04 - LIBRARY OF CONGRESS CALL NUMBER
Classification number 333.33 $2 18
110 2# - MAIN ENTRY--CORPORATE NAME
Corporate name or jurisdiction name as entry element King Sturge
9 (RLIN) 3877
245 00 - TITLE STATEMENT
Title King Sturge residential bulletin
Remainder of title October 2006
260 ## - PUBLICATION, DISTRIBUTION, ETC.
Place of publication, distribution, etc. London
Name of publisher, distributor, etc. King Sturge
Date of publication, distribution, etc. 2006
490 #0 - SERIES STATEMENT
Series statement King Sturge Residential Bulletin
Volume/sequential designation October 2006
520 ## - SUMMARY, ETC.
Summary, etc. Presents research on the prime Central London residential market including demand and supply and also the development market. Prime Central London annual price growth reached 27.9% in September and quarterly price growth 8.7% which was the strongest rate in 2006. Flat prices rose by 22.7% whilst house prices increased by 33.7% in the year to September. Lists property market news in brief. Graph and table.
590 ## - LOCAL NOTE (RLIN)
Local note IKA141106
650 24 - SUBJECT ADDED ENTRY--TOPICAL TERM
Topical term or geographic name entry element KING STURGE RESIDENTIAL BULLETIN
651 #4 - SUBJECT ADDED ENTRY--GEOGRAPHIC NAME
Geographic name GREAT BRITAIN
690 ## - LOCAL SUBJECT ADDED ENTRY--TOPICAL TERM (OCLC, RLIN)
Topical term or geographic name as entry element PROPERTY-RESIDENTIAL PROPERTY-RESIDENTIAL PROPERTY MARKET
856 40 - ELECTRONIC LOCATION AND ACCESS
Uniform Resource Identifier <a href="https://www.kingsturge.co.uk">https://www.kingsturge.co.uk</a>
Public note View the bulletin free of charge after free registration at www.kingsturge.co.uk
942 ## - ADDED ENTRY ELEMENTS (KOHA)
Suppress in OPAC 0
Holdings
Withdrawn status Lost status Source of classification or shelving scheme Damaged status Not for loan Home library Current library Shelving location Date acquired Total Checkouts Full call number Barcode Date last seen Copy number Price effective from Koha item type
    Dewey Decimal Classification     Virtual Virtual Online 13/11/2006   ONLINE PUBLICATION 135596-2001 06/08/2019 1 06/08/2019 Book